Normal view
MARC view
- TE-49
Entry Geographic Name
001 - CONTROL NUMBER
- control field: 131595
003 - CONTROL NUMBER IDENTIFIER
- control field: NUST
005 - DATE AND TIME OF LATEST TRANSACTION
- control field: 20251027191933.0
008 - FIXED-LENGTH DATA ELEMENTS
- fixed length control field: 251027|| aca||aabn | a|a d
040 ## - CATALOGING SOURCE
- Original cataloging agency: NUST
- Transcribing agency: NUST
151 ## - HEADING--GEOGRAPHIC NAME
- Geographic name: TE-49
670 ## - SOURCE DATA FOUND
- Source citation: Work cat.: (NUST): Masud, Muhammad Saad (TE-49) 131594, Traffic management system based on global positioning system and global system for mobile communication /, 2016
